List of box-holders, Baltimore, Md.

Bibliographic Details
Corporate Author: United States. Postmaster General
Format: Government Document eBook
Language:English
Published: Washington : U.S. GPO, 1925-1930.
Subjects:
Online Access:Connect to the full text of this electronic document
Connect to the full text of this electronic document

MARC

Tag First Indicator Second Indicator Subfields
LEADER 00000cam a22000001a 4500
001 in00003760430
005 20190409170417.0
006 m o d f
007 cr bn mmmapmmp
008 040322m19251930dcu o f000 0 eng d
035 |a ebd1910702568 
040 |a UMI  |c UMI  |d UtOrBLW 
086 0 |a P 1.2:B 21 
086 0 |a P 1.2:B 21/2 
099 |a P1.2-46.1 
099 |a P1.2-46.2 
245 0 0 |a List of box-holders, Baltimore, Md. 
264 1 |a Washington :  |b U.S. GPO,  |c 1925-1930. 
300 |a 1 online resource (volume) 
336 |a text  |b txt  |2 rdacontent 
337 |a computer  |b c  |2 rdamedia 
338 |a online resource  |b cr  |2 rdacarrier 
500 |a [by name, with mail box number]. 
500 |a Record is based on bibliographic data in ProQuest U.S. Executive Branch Documents, 1910-1932. Reuse except for individual research requires license from ProQuest, LLC. 
533 |a Electronic reproduction.  |b [Bethesda, Md.] :  |c ProQuest,  |d 2012.  |e digital, PDF file.  |n ProQuest U.S. Executive Branch Documents, 1910-1932.  |n Mode of access: World Wide Web via ProQuest website. 
538 |a System requirements: PDF reader software. 
500 |a Electronic resource. 
610 1 0 |a United States.  |b Postmaster General.  |0 http://id.loc.gov/authorities/names/n88144092 
651 0 |a Baltimore (Md.)  |0 http://id.loc.gov/authorities/names/n79006530 
655 7 |a Electronic books.  |2 local 
710 1 |a United States.  |b Postmaster General.  |0 http://id.loc.gov/authorities/names/n88144092 
776 1 8 |i Microfiche version:  |t List of box-holders, Baltimore, Md.  |o CIS US Exec MF P1.2-46.1  |o CIS US Exec MF P1.2-46.2  |w (ProQuest)cis19171321 
856 4 0 |u http://proxy.library.tamu.edu/login?url=http://congressional.proquest.com/congressional/docview/t66.d71.p1.2-46.1  |z Connect to the full text of this electronic document  |t 0 
856 4 0 |u http://proxy.library.tamu.edu/login?url=http://congressional.proquest.com/congressional/docview/t66.d71.p1.2-46.2  |z Connect to the full text of this electronic document  |t 0 
999 f f |s 1a07032a-2387-3fc3-ace4-318806c7cf7a  |i edbe49db-fa7f-372a-86ee-c21cc548646b  |t 0 
952 f f |a Texas A&M University  |b College Station  |c Electronic Resources  |d Available Online  |t 0  |h No information provided 
998 f f |t 0  |l Available Online